Исследование компрессорной машины с электромагнитным приводом: диссертация на соискание ученой степени кандидата технических наук

Bibliografiset tiedot
Päätekijä: Финченко Н. И.
Yhteisötekijä: Российская академия наук Сибирское отделение Институт горного дела (ИГД СО РАН)
Muut tekijät: Ряшенцев Н. П. (научный руководитель), Мирошниченко А. Н. (редактор)
Kieli:venäjä
Julkaistu: Новосибирск, [Б. и.], 1974
Aiheet:
Aineistotyyppi: MixedMaterials Kirja
KOHA link:https://koha.lib.tpu.ru/cgi-bin/koha/opac-detail.pl?biblionumber=87551

MARC

LEADER 00000nbm0a2200000 4500
001 87551
005 20231031102244.0
035 |a (RuTPU)RU\TPU\book\93985 
090 |a 87551 
100 |a 20051211d1974 k y0rusy50 ca 
101 0 |a rus 
102 |a RU 
105 |a a m 001zy 
200 1 |a Исследование компрессорной машины с электромагнитным приводом  |e диссертация на соискание ученой степени кандидата технических наук  |f Н. И. Финченко  |g Новосибирский институт горного дела; науч. рук. Н. П. Ряшенцев, А. Н. Мирошниченко 
210 |a Новосибирск  |c [Б. и.]  |d 1974 
215 |a 155 л.  |c ил. 
320 |a Библиогр.: с. 146-155 (124 назв.). 
610 1 |a диссертации 
610 1 |a исследование 
610 1 |a компрессорные машины 
610 1 |a электромагнитные приводы 
610 1 |a двигатели безредукторные 
610 1 |a электромагниты 
610 1 |a электромагнитные компрессоры 
610 1 |a электромеханические параметры 
610 1 |a сжатые газы 
675 |a 621.51.001.4(048)  |v 3 
700 1 |a Финченко  |b Н. И. 
702 1 |a Ряшенцев  |b Н. П.  |4 727 
702 1 |a Мирошниченко  |b А. Н.  |4 340 
712 0 2 |a Российская академия наук  |b Сибирское отделение  |b Институт горного дела (ИГД СО РАН)  |c (Новосибирск)  |2 stltpush  |3 (RuTPU)RU\TPU\col\2521 
801 1 |a RU  |b 63413507  |c 20051211  |g PSBO 
801 2 |a RU  |b 63413507  |c 20071008  |g PSBO 
942 |c BK